| 000 | 01423nam a2200349 a 4500 | ||
|---|---|---|---|
| 001 | ebr10142249 | ||
| 003 | CaPaEBR | ||
| 006 | m u | ||
| 007 | cr cn||||||||| | ||
| 008 | 981208s2000 nyuab sb 001 0ceng | ||
| 010 | _z 98054638 | ||
| 020 | _z0195117522 (acid-free paper) | ||
| 040 |
_aCaPaEBR _cCaPaEBR |
||
| 035 | _a(OCoLC)300981877 | ||
| 043 |
_ae-uk--- _ae-fr--- |
||
| 050 | 1 | 4 |
_aNX543 _b.C38 2000eb |
| 082 | 0 | 4 |
_a820.9/00912 _221 |
| 100 | 1 | _aCaws, Mary Ann. | |
| 245 | 1 | 0 |
_aBloomsbury and France _h[electronic resource] : _bart and friends / _cMary Ann Caws and Sarah Bird Wright ; with a preface by Michael Holroyd. |
| 260 |
_aNew York : _bOxford University Press, _c2000. |
||
| 300 |
_axviii, 430 p. : _bill. (some col.), map. |
||
| 504 | _aIncludes bibliographical references (p. 407-409) and index. | ||
| 533 |
_aElectronic reproduction. _bPalo Alto, Calif. : _cebrary, _d2013. _nAvailable via World Wide Web. _nAccess may be limited to ebrary affiliated libraries. |
||
| 650 | 0 | _aBloomsbury group. | |
| 650 | 0 |
_aArtists _zGreat Britain _vBiography. |
|
| 651 | 0 |
_aGreat Britain _xRelations _zFrance. |
|
| 651 | 0 |
_aFrance _xRelations _zGreat Britain. |
|
| 655 | 7 |
_aElectronic books. _2local |
|
| 700 | 1 | _aWright, Sarah Bird. | |
| 710 | 2 | _aebrary, Inc. | |
| 856 | 4 | 0 |
_uhttp://site.ebrary.com/lib/rucke/Doc?id=10142249 _zAn electronic book accessible through the World Wide Web; click to view |
| 999 |
_c90553 _d90553 |
||